000
00298nam a22001337a 4500
008
181030b xxu||||| |||| 00| 0 eng d
020
_a
9781429282543
041
_a
eng
080
_2
8 ed
_a
159.9
100
_a
49
101
_a
PSI
245
_a
Abnormal Psychology
_c
Comer.R.J
942
_2
udc
_c
BK
999
_c
51075
_d
51075